| 000 -LEADER |
| fixed length control field |
01548cam a2200373 a 4500 |
| 001 - CONTROL NUMBER |
| control field |
15464736 |
| 003 - CONTROL NUMBER IDENTIFIER |
| control field |
OSt |
| 005 - DATE AND TIME OF LATEST TRANSACTION |
| control field |
20140116120823.0 |
| 008 - FIXED-LENGTH DATA ELEMENTS--GENERAL INFORMATION |
| fixed length control field |
080925s2010 maua b 001 0 eng |
| 010 ## - LIBRARY OF CONGRESS CONTROL NUMBER |
| LC control number |
2008042158 |
| 020 ## - INTERNATIONAL STANDARD BOOK NUMBER |
| International Standard Book Number |
9780071104333 |
| 035 ## - SYSTEM CONTROL NUMBER |
| System control number |
(OCoLC)ocn244764080 |
| 035 ## - SYSTEM CONTROL NUMBER |
| System control number |
(OCoLC)244764080 |
| 040 ## - CATALOGING SOURCE |
| Original cataloging agency |
DLC |
| Transcribing agency |
DLC |
| Modifying agency |
BTCTA |
| -- |
C#P |
| -- |
BWX |
| -- |
DLC |
| 050 00 - LIBRARY OF CONGRESS CALL NUMBER |
| Classification number |
HF1017.D63 2010 |
| 100 1# - MAIN ENTRY--PERSONAL NAME |
| Personal name |
Doane, David P. |
| 245 10 - TITLE STATEMENT |
| Title |
Essential statistics in business and economics / |
| Statement of responsibility, etc |
David P. Doane, Lori E. Seward. |
| 246 14 - VARYING FORM OF TITLE |
| Title proper/short title |
Essential statistics in business & economics |
| 250 ## - EDITION STATEMENT |
| Edition statement |
2nd ed. |
| 260 ## - PUBLICATION, DISTRIBUTION, ETC. (IMPRINT) |
| Place of publication, distribution, etc |
Boston : |
| Name of publisher, distributor, etc |
McGraw-Hill/Irwin, |
| Date of publication, distribution, etc |
2010. |
| 300 ## - PHYSICAL DESCRIPTION |
| Extent |
xxii, 617 p. : |
| Other physical details |
ill. (chiefly col.) ; |
| 490 1# - SERIES STATEMENT |
| Series statement |
The McGraw-Hill/Irwin series operations and decision sciences |
| 504 ## - BIBLIOGRAPHY, ETC. NOTE |
| Bibliography, etc |
Includes bibliographical references and index. |
| 650 #0 - SUBJECT ADDED ENTRY--TOPICAL TERM |
| Topical term or geographic name as entry element |
Commercial statistics. |
| 650 #0 - SUBJECT ADDED ENTRY--TOPICAL TERM |
| Topical term or geographic name as entry element |
Economics |
| General subdivision |
Statistical methods. |
| 700 1# - ADDED ENTRY--PERSONAL NAME |
| Personal name |
Seward, Lori Welte, |
| 830 #0 - SERIES ADDED ENTRY--UNIFORM TITLE |
| Uniform title |
McGraw-Hill/Irwin series operations and decision sciences. |
| 856 42 - ELECTRONIC LOCATION AND ACCESS |
| Materials specified |
Contributor biographical information |
| Uniform Resource Identifier |
<a href="http://www.loc.gov/catdir/enhancements/fy0909/2008042158-b.html">http://www.loc.gov/catdir/enhancements/fy0909/2008042158-b.html</a> |
| 856 42 - ELECTRONIC LOCATION AND ACCESS |
| Materials specified |
Publisher description |
| Uniform Resource Identifier |
<a href="http://www.loc.gov/catdir/enhancements/fy0909/2008042158-d.html">http://www.loc.gov/catdir/enhancements/fy0909/2008042158-d.html</a> |
| 856 41 - ELECTRONIC LOCATION AND ACCESS |
| Materials specified |
Table of contents only |
| Uniform Resource Identifier |
<a href="http://www.loc.gov/catdir/enhancements/fy1106/2008042158-t.html">http://www.loc.gov/catdir/enhancements/fy1106/2008042158-t.html</a> |
| 906 ## - LOCAL DATA ELEMENT F, LDF (RLIN) |
| a |
7 |
| b |
cbc |
| c |
orignew |
| d |
1 |
| e |
ecip |
| f |
20 |
| g |
y-gencatlg |
| 942 ## - ADDED ENTRY ELEMENTS (KOHA) |
| Source of classification or shelving scheme |
|
| Koha item type |
Book |